| 000 | 00770nam a2200301Ia 4500 | ||
|---|---|---|---|
| 008 | 171120s9999 xx 000 0 und d | ||
| 020 | _a9712717321 | ||
| 050 | _a155.93 | ||
| 050 | _bP949 2006 | ||
| 100 | _aPrieto, Agnes | ||
| 245 | _aFallen cradle : | ||
| 245 | _bparents on the loss of a child / | ||
| 245 | _cby Agnes Prieto ; with Ricardo M. de Ungria. | ||
| 260 | _aPhilippines : | ||
| 260 | _bAnvil, | ||
| 260 | _c2006 | ||
| 300 | _a159 pages : | ||
| 300 | _billustrations ; | ||
| 300 | _c22cm. | ||
| 650 | _aBereavement -- | ||
| 650 | _aBereavement. | ||
| 650 | _aChildren and death. | ||
| 650 | _aParent and child -- | ||
| 650 | _xGrief. | ||
| 650 | _xPsychological aspects. | ||
| 700 | _ade Ungria, Ricardo M. | ||
| 700 | _aTitle. | ||
| 999 |
_c345346 _d345346 |
||